al-Qaṣāʼid al-sabʻ al-nabawīyah /

محفوظ في:

المؤلف الرئيسي: Khayrī, Aḥmad (مؤلف)

التنسيق: كتاب

اللغة: Arabic

منشور في: Miṣr : Maṭbaʻat al-Saʻādah, 1950.

سلاسل: Silsilat Maṭbūʻāt Aḥmad Khayrī ; 3.

الموضوعات:

الوسوم: إضافة وسم

لا توجد وسوم, كن أول من يضع وسما على هذه التسجيلة!

رقم الطلب: PJ7842 .H364 Q25 1950

LEADER 01087nam a2200265Ia 4500
003 OSt
005 20231204120043.0
008 130303s1950 ua 000 0 ara d
952 |0 0  |1 0  |2 lcc  |4 0  |6 PJ7842 H364 Q25 01950  |7 1  |9 57265  |a ARCE  |b ARCE  |d 2023-12-04  |l 0  |o PJ7842 .H364 Q25 1950  |p 1020838  |r 2023-12-04 00:00:00  |w 2023-12-04  |y BK 
999 |c 30077  |d 30077 
010 |a 74224140 
040 |c ARCE Library 
050 4 |a PJ7842 .H364 Q25 1950 
100 1 |6 880-01  |a Khayrī, Aḥmad,  |e author 
245 1 3 |6 880-02  |a al-Qaṣāʼid al-sabʻ al-nabawīyah /   |c li-Aḥmad Khayrī. 
264 1 |a Miṣr :   |b Maṭbaʻat al-Saʻādah,   |c 1950. 
300 |a 57 pages ;   |c 25 cm. 
490 1 |a Silsilat Maṭbūʻāt Aḥmad Khayrī ;   |v 3. 
600 0 0 |a Muḥammad,  |c Prophet,  |d -632  |v Poetry. 
650 0 |a Islamic poetry  |y 20th century. 
830 0 |a Silsilat Maṭbūʻāt Aḥmad Khayrī ;   |v 3. 
880 1 |6 100-01/(3/r  |a خيري، أحمد 
880 1 2 |6 245-02/(3/r  |a القصائد السبع النبوية   |c لأحمد خيري.‪‪‪‪‪‪‪‪‪‪‪‪ 
901 |a reviewed 
942 |c BK  |2 lcc